[Event "DAGIJ"]
[Site "SchemingMind.com"]
[Date "2018.08.28"]
[Round "-"]
[White "The Stonewall"]
[Black "Marc Wakeham"]
[Result "1-0"]
[WhiteCountry "ENG"]
[BlackCountry "WLS"]
[WhiteElo "2275"]
[WhiteRD "83"]
[BlackElo "1597"]
[BlackRD "78"]
[GameID "431740"]

1. e4 c5 2. Nf3 d6 3. c3 Nc6 4. d4 cxd4 5. cxd4 Bg4 6. d5 Bxf3 7. Qxf3 Ne5 8. Bb5+ Nd7 9. O-O a6 10. Be2 g6
11. Bf4 Bg7 12. Qa3 b5 13. Nd2 Nc5 14. Rac1 Nf6 15. Qe3 O-O 16. b4 Na4 17. Rc6 Nd7 18. Rfc1 Ne5 19. R6c2 Qd7 20. Rc7 Qd8
21. Bxe5 Bxe5 22. R1c6 Bg7 23. Nb3 Qb8 24. Na5 Re8 25. Rb7 Qd8 26. Rcc7 Be5 27. Nc6
1-0

[Event "DAGIJ"]
[Site "SchemingMind.com"]
[Date "2018.08.28"]
[Round "-"]
[White "The Stonewall"]
[Black "smothered mate"]
[Result "1-0"]
[WhiteCountry "ENG"]
[BlackCountry "POL"]
[WhiteElo "2351"]
[WhiteRD "78"]
[BlackElo "2241"]
[BlackRD "77"]
[GameID "431741"]

1. e4 e6 2. d4 d5 3. Nd2 Nf6 4. e5 Nfd7 5. c3 c5 6. Bd3 Nc6 7. Ne2 cxd4 8. cxd4 f6 9. exf6 Nxf6 10. Nf3 Bd6
11. O-O O-O 12. Bf4 Qc7 13. Bxd6 Qxd6 14. Re1 Bd7 15. Rc1 Rae8 16. h3 e5 17. Rxc6 Qxc6 18. dxe5 Nh5 19. Bc2 Kh8 20. Ned4 Qh6
21. h4 Bg4 22. g3 Qa6 23. Ba4 Rb8 24. Re3 Qc4 25. a3 b5 26. Bb3 Qc5 27. Rc3 Qb6 28. Kg2 b4 29. axb4 Qxb4 30. Bxd5 Qxb2
31. Qd3 h6 32. Rc6 Rbe8 33. Bb3 Bxf3+ 34. Nxf3 Rxf3 35. Qxf3 Qxe5 36. Ra6 Nf6 37. Rxa7 Qb8 38. Rf7 Rf8 39. Be6 Rxf7 40. Bxf7 Qf8
41. Bg6 Nd7 42. Qxf8+ Nxf8 43. h5 Nd7 44. Kf3 Kg8 45. Kf4 Kf8 46. Be4 Ke7 47. Kf5 Nf6 48. Bf3 Kf7 49. Be2 Ne8 50. Ba6 Nf6
51. Bc4+ Ke7 52. g4 Ne8 53. Kg6 Nf6 54. Kxg7 Nxg4 55. f4 Ne3 56. Bd3 Ng4 57. f5 Nf6 58. Kxh6 Kf8 59. Bc4 Ng4+ 60. Kh7 Nf6+
61. Kg6 Ng4 62. Be6 Ne5+ 63. Kg5 Kg7 64. f6+ Kf8 65. h6 Nf3+ 66. Kg6 Ne5+ 67. Kf5
1-0

[Event "DAGIJ"]
[Site "SchemingMind.com"]
[Date "2018.08.28"]
[Round "-"]
[White "Carl Lenox"]
[Black "The Stonewall"]
[Result "0-1"]
[WhiteCountry "CAN"]
[BlackCountry "ENG"]
[WhiteElo "1278"]
[WhiteRD "83"]
[BlackElo "2303"]
[BlackRD "78"]
[GameID "431742"]

1. e4 c5 2. Nf3 Nc6 3. d4 cxd4 4. Nxd4 Qb6 5. c3 Nf6 6. Bd3 g6 7. O-O Bg7 8. a3 O-O 9. b4 Nxd4 10. cxd4 Qxd4
11. Ra2 d6 12. Bb2 Qb6 13. Nd2 Be6 14. Ra1 Rac8 15. Re1 Ng4 16. Bxg7 Nxf2
0-1

[Event "DAGIJ"]
[Site "SchemingMind.com"]
[Date "2018.08.28"]
[Round "-"]
[White "Phillip Beckett"]
[Black "The Stonewall"]
[Result "0-1"]
[WhiteCountry "ENG"]
[BlackCountry "ENG"]
[WhiteElo "1482"]
[WhiteRD "55"]
[BlackElo "2303"]
[BlackRD "78"]
[GameID "431743"]

1. c4 f5 2. Nc3 Nf6 3. g3 g6 4. Bg2 Bg7 5. d3 e5 6. Nf3 d6 7. O-O O-O 8. Bg5 h6 9. Bd2 Nc6 10. Nd5 Be6
11. Nxf6+ Qxf6 12. Rb1 Qf7 13. a3 e4 14. Ne1 d5 15. cxd5 Bxd5 16. dxe4 Bb3 17. Qc1 Nd4 18. Bf3 fxe4 19. Bg4 h5 20. Bc3 hxg4
21. Bxd4 Bxd4 22. e3 Bc4 23. exd4 Bxf1
0-1

[Event "DAGIJ"]
[Site "SchemingMind.com"]
[Date "2018.08.28"]
[Round "-"]
[White "The Stonewall"]
[Black "Timaeus"]
[Result "1-0"]
[WhiteCountry "ENG"]
[BlackCountry "JPN"]
[WhiteElo "2303"]
[WhiteRD "78"]
[BlackElo "1421"]
[BlackRD "75"]
[GameID "431744"]

1. e4 d5 2. Nc3 d4 3. Nce2 e5 4. Ng3 Bc5 5. Bc4 Be6 6. Bxe6 fxe6 7. Qh5+ g6 8. Qxe5 Qf6 9. Qxc5 Na6 10. Qb5+ c6
11. Qxb7 Nc7 12. Qxc7
1-0

[Event "DAGIJ"]
[Site "SchemingMind.com"]
[Date "2018.08.28"]
[Round "-"]
[White "The Stonewall"]
[Black "pmdpsp"]
[Result "1-0"]
[WhiteCountry "ENG"]
[BlackCountry "GER"]
[WhiteElo "2303"]
[WhiteRD "78"]
[BlackElo "1808"]
[BlackRD "77"]
[GameID "431745"]

1. e4 Nc6 2. Nf3 d6 3. d4 e5 4. Bb5 Bd7 5. Nc3 exd4 6. Nxd4 Nge7 7. Be3 g6 8. Bg5 Bg7 9. Nd5 Nxd4 10. Bxe7 Qc8
11. Bf6 Bxf6 12. Nxf6+ Ke7 13. Bxd7
1-0

[Event "DAGIJ"]
[Site "SchemingMind.com"]
[Date "2018.08.28"]
[Round "-"]
[White "fu_manchu"]
[Black "The Stonewall"]
[Result "0-1"]
[WhiteCountry "CAN"]
[BlackCountry "ENG"]
[WhiteElo "1807"]
[WhiteRD "80"]
[BlackElo "2293"]
[BlackRD "81"]
[GameID "431746"]

1. d4 Nf6 2. c4 b6 3. Nc3 Bb7 4. Nf3 d5 5. cxd5 Nxd5 6. e4 Nxc3 7. bxc3 Bxe4 8. Ba3 Nd7 9. Be2 e6 10. Bxf8 Nxf8
11. O-O Ng6 12. Qa4+ Qd7 13. Qxd7+ Kxd7 14. Ng5 Nf4 15. Bc4 Bxg2 16. Rfe1 Ke7 17. Bf1 Bxf1 18. Kxf1 Rac8 19. Nf3 c5 20. dxc5 Rxc5
21. Re4 Nd5 22. c4 Nf6 23. Rd4 Rd8 24. Rc1 Rxd4 25. Nxd4 Ng4 26. Nf3 b5 27. h3 Nf6 28. Nd2 Nd5 29. Nb3 Rxc4 30. Rxc4 bxc4
31. Nd4 Kd7 32. Nb5 a6 33. Na3 c3
0-1

[Event "DAGIJ"]
[Site "SchemingMind.com"]
[Date "2018.08.28"]
[Round "-"]
[White "Chessibelle"]
[Black "The Stonewall"]
[Result "0-1"]
[WhiteCountry "ENG"]
[BlackCountry "ENG"]
[WhiteElo "1216"]
[WhiteRD "57"]
[BlackElo "2303"]
[BlackRD "78"]
[GameID "431747"]

1. e4 d5 2. f3 e5 3. d3 Nc6 4. Nc3 Nf6 5. Nge2 Be6 6. h3 Bb4 7. Bd2 d4 8. g4 dxc3 9. Nxc3 Nh5 10. gxh5 Qh4+
11. Ke2 Nd4+ 12. Ke3 Nf5+ 13. Ke2 Ng3+ 14. Ke3 Bc5+ 15. d4 exd4+ 16. Kd3 dxc3 17. Bxc3 Qd8+
0-1

[Event "DAGIJ"]
[Site "SchemingMind.com"]
[Date "2018.08.28"]
[Round "-"]
[White "flyinduck"]
[Black "The Stonewall"]
[Result "0-1"]
[WhiteCountry "CAN"]
[BlackCountry "ENG"]
[WhiteElo "2024"]
[WhiteRD "53"]
[BlackElo "2303"]
[BlackRD "78"]
[GameID "431748"]

1. e4 c6 2. d4 d5 3. exd5 cxd5 4. c4 Nf6 5. cxd5 Nxd5 6. Nc3 Nc6 7. g3 Bf5 8. Bg2 Ndb4 9. d5 Nc2+ 10. Kf1 Nxa1
11. Qa4 Qa5 12. dxc6 Qxa4 13. Nxa4 b5 14. Nc5 O-O-O 15. Bf4 e5 16. Bxe5 Bxc5 17. c7 Rd2 18. Nh3 Re8
0-1

[Event "DAGIJ"]
[Site "SchemingMind.com"]
[Date "2018.08.28"]
[Round "-"]
[White "JAHI"]
[Black "The Stonewall"]
[Result "0-1"]
[WhiteCountry "INT"]
[BlackCountry "ENG"]
[WhiteElo "2079"]
[WhiteRD "74"]
[BlackElo "2293"]
[BlackRD "81"]
[GameID "431749"]

1. c3 f5 2. b3 Nf6 3. Bb2 g6 4. d3 Bg7 5. e3 O-O 6. Nd2 Nc6 7. e4 d5 8. exf5 Bxf5 9. Be2 e5 10. h3 d4
11. cxd4 Nxd4 12. Bxd4 exd4 13. Qc2 Nd5 14. Rc1 Qe7 15. Kf1 Ne3+ 16. fxe3 Bxd3+ 17. Ngf3 Bxc2 18. Rxc2 Qxe3 19. Nc4 Qe4 20. Bd1 b5
21. Re2 Rxf3+ 22. Kg1 Qb1 23. Re1 Rd3 24. Kh2 Qxa2 25. Re2 Qa6 26. Rhe1 bxc4 27. Re6 Rxd1 28. Rxa6 Rxe1 29. bxc4 Be5+ 30. g3 Re2+
31. Kg1 d3 32. Ra5 Bd4+ 33. Kh1 d2 34. Ra1 Bxa1 35. g4 d1=Q#
0-1

[Event "DAGIJ"]
[Site "SchemingMind.com"]
[Date "2018.08.24"]
[Round "-"]
[White "Don71"]
[Black "errantknight"]
[Result "1-0"]
[WhiteCountry "NIR"]
[BlackCountry "USA"]
[WhiteElo "2350"]
[WhiteRD "101"]
[BlackElo "1604"]
[BlackRD "84"]
[GameID "431758"]

1. e4 c5 2. Nf3 Nc6 3. Nc3 a6 4. d4 cxd4 5. Nxd4 Nxd4 6. Qxd4 d6 7. Be2 Nf6 8. O-O e5 9. Qa4+ Bd7 10. Qb3 Bc6
11. f4 Qe7 12. Nd5 Bxd5 13. exd5 O-O-O 14. Be3 Ne4 15. fxe5 dxe5 16. Qc4+ Kb8 17. Qxe4 f6 18. Qc4 Rc8 19. Ba7+
1-0

[Event "DAGIJ"]
[Site "SchemingMind.com"]
[Date "2018.08.24"]
[Round "-"]
[White "Marc Wakeham"]
[Black "Don71"]
[Result "0-1"]
[WhiteCountry "WLS"]
[BlackCountry "NIR"]
[WhiteElo "1633"]
[WhiteRD "80"]
[BlackElo "2349"]
[BlackRD "97"]
[GameID "431759"]

1. e4 e5 2. Nf3 Nc6 3. d4 exd4 4. Bc4 Nf6 5. O-O Nxe4 6. Re1 d5 7. Nxd4 Nxd4 8. Qxd4 Be6 9. Bd3 Bc5 10. Qa4+ Bd7
11. Qb3 Bxf2+
0-1

[Event "DAGIJ"]
[Site "SchemingMind.com"]
[Date "2018.08.29"]
[Round "-"]
[White "The Stonewall"]
[Black "Don71"]
[Result "1/2-1/2"]
[WhiteCountry "ENG"]
[BlackCountry "NIR"]
[WhiteElo "2343"]
[WhiteRD "79"]
[BlackElo "2450"]
[BlackRD "85"]
[GameID "431760"]

1. e4 e5 2. Nf3 Nc6 3. d4 exd4 4. Nxd4 Nf6 5. Nxc6 bxc6 6. e5 Qe7 7. Qe2 Nd5 8. c4 Nb6 9. Nc3 Qe6 10. Qe4 d5
11. exd6 Qxe4+ 12. Nxe4 cxd6 13. Bf4 d5 14. cxd5 Nxd5 15. Bd2 Rb8 16. O-O-O h6 17. Bc4 Be6 18. Rhe1 Be7 19. f3 O-O 20. Bb3 Rb6
21. Re2 Ra8 22. Kb1 a5 23. Nc3 Nxc3+ 24. Bxc3 Bxb3 25. axb3 Bb4 26. Rd3 Rb5 27. Bxb4 axb4 28. Re4 Kf8 29. Rd2 Re8 30. Rc4 Re6
31. Kc2 Ke7 32. h4 g5 33. hxg5 hxg5 34. g4 f5 35. Rdd4 Re2+ 36. Rd2 Re3 37. Rd3 Rxd3 38. Kxd3 Kd6 39. gxf5 Rxf5 40. Ke3 Re5+
41. Kd3 c5 42. Re4 Rxe4 43. Kxe4 Ke6 44. f4 g4 45. f5+ Kf6 46. Kf4 g3 47. Kxg3 Kxf5 48. Kf3 Ke5 49. Ke3 Ke6 50. Ke4 Kd6
51. Kd3 Kd7 52. Kc4 Kc6 53. Kd3 Kd5 54. Kd2 Ke4 55. Kc2 Ke3 56. Kd1 Kd3 57. Kc1 Kd4 58. Kd2 c4 59. bxc4 Kxc4 60. Kc2 Kd4
61. Kb3 Kc5 62. Kc2 Kc4 63. b3+ Kd4 64. Kd2 Ke4=
1/2-1/2

[Event "DAGIJ"]
[Site "SchemingMind.com"]
[Date "2018.08.25"]
[Round "-"]
[White "smothered mate"]
[Black "Don71"]
[Result "1-0"]
[WhiteCountry "POL"]
[BlackCountry "NIR"]
[WhiteElo "2229"]
[WhiteRD "85"]
[BlackElo "2408"]
[BlackRD "91"]
[GameID "431761"]

1. e4 e5 2. Nf3 Nc6 3. Bb5 a6 4. Ba4 Nf6 5. O-O Be7 6. Re1 b5 7. Bb3 d6 8. c3 O-O 9. d4 Bg4 10. Be3 exd4
11. cxd4 d5 12. e5 Ne4 13. Nc3 Nxc3 14. bxc3 Bh5 15. a4 Qd7 16. axb5 axb5 17. Qd3 Bxf3 18. gxf3 Na5 19. Bc2 g6 20. Kg2 Nc4
21. Bh6 Rfe8 22. h3 Nb2 23. Qe3 Qc6 24. f4 Rxa1 25. Rxa1 Na4 26. Rg1 Qxc3 27. Bd3 Qc6 28. f5 Nb2 29. Bb1 Nc4 30. Qf4 Rb8
31. e6 Qe8 32. Kh1 Rb6 33. h4 b4 34. h5
1-0

[Event "DAGIJ"]
[Site "SchemingMind.com"]
[Date "2018.08.25"]
[Round "-"]
[White "Don71"]
[Black "Phillip Beckett"]
[Result "1-0"]
[WhiteCountry "NIR"]
[BlackCountry "ENG"]
[WhiteElo "2349"]
[WhiteRD "102"]
[BlackElo "1502"]
[BlackRD "55"]
[GameID "431763"]

1. e4 e5 2. Nf3 Nc6 3. d4 exd4 4. Nxd4 Bc5 5. Be3 Qf6 6. c3 Nge7 7. Qf3 Qxf3 8. gxf3 Nxd4 9. cxd4 Bb4+ 10. Nc3 d6
11. Rg1 O-O 12. a3 Bxc3+ 13. bxc3 Ng6 14. f4 Nh4 15. O-O-O Nf3 16. Rg3 Nh4 17. f5 Bd7 18. Bg5 Nxf5 19. exf5 f6 20. Bh6 Rf7
21. Bc4
1-0

[Event "DAGIJ"]
[Site "SchemingMind.com"]
[Date "2018.08.25"]
[Round "-"]
[White "Timaeus"]
[Black "Don71"]
[Result "0-1"]
[WhiteCountry "JPN"]
[BlackCountry "NIR"]
[WhiteElo "1406"]
[WhiteRD "80"]
[BlackElo "2350"]
[BlackRD "101"]
[GameID "431764"]

1. d4 Nf6 2. Bf4 c5 3. c3 Qb6 4. Qd2 Nc6 5. e3 g5 6. dxc5 Qxc5 7. Bg3 h5 8. b4 Qb6 9. Bc4 h4 10. Bxh4 Rxh4
11. Na3 Ne4 12. Qc2 Nxb4 13. cxb4 Qxb4+ 14. Ke2 Qxa3 15. Bb3 b6 16. Nf3 Ba6+ 17. Bc4 Bxc4+ 18. Ke1 Bd3 19. Qb3 Qa5+
0-1

[Event "DAGIJ"]
[Site "SchemingMind.com"]
[Date "2018.08.25"]
[Round "-"]
[White "pmdpsp"]
[Black "Don71"]
[Result "0-1"]
[WhiteCountry "GER"]
[BlackCountry "NIR"]
[WhiteElo "1808"]
[WhiteRD "77"]
[BlackElo "2349"]
[BlackRD "97"]
[GameID "431765"]

1. e4 c5 2. c3 Nc6 3. d4 d5 4. exd5 Qxd5 5. Nf3 Bg4 6. Be2 O-O-O 7. c4 Qf5 8. d5 e6 9. Nh4 Qe5 10. Nc3 exd5
11. Nxd5 Nd4 12. f3 Be6 13. Bf4 Qh5 14. Bg3 Bxd5 15. cxd5 Re8
0-1

[Event "DAGIJ"]
[Site "SchemingMind.com"]
[Date "2018.08.26"]
[Round "-"]
[White "Don71"]
[Black "fu_manchu"]
[Result "1-0"]
[WhiteCountry "NIR"]
[BlackCountry "CAN"]
[WhiteElo "2350"]
[WhiteRD "101"]
[BlackElo "1807"]
[BlackRD "80"]
[GameID "431766"]

1. e4 c5 2. c4 Nc6 3. Nf3 d6 4. d4 cxd4 5. Nxd4 Nf6 6. Nc3 e5 7. Nf3 Bg4 8. Be2 Be7 9. Be3 O-O 10. O-O Rc8
11. Qc2 a6 12. Rfd1 Qc7 13. Rac1 Rfd8 14. Nd5 Nxd5 15. cxd5 Nd4 16. Qxc7
1-0

[Event "DAGIJ"]
[Site "SchemingMind.com"]
[Date "2018.08.25"]
[Round "-"]
[White "Don71"]
[Black "Chessibelle"]
[Result "1-0"]
[WhiteCountry "NIR"]
[BlackCountry "ENG"]
[WhiteElo "2349"]
[WhiteRD "102"]
[BlackElo "1205"]
[BlackRD "61"]
[GameID "431767"]

1. e4 e5 2. Nf3 Nc6 3. d4 f6 4. d5 Nce7 5. Nc3 d6 6. Be3 b6 7. Bb5+ Bd7 8. Qe2 g6 9. O-O Bg7 10. a4 c6
11. dxc6 Nxc6 12. Rfd1 Qc7 13. Bc4 Bg4 14. Nb5 Qd7 15. Rxd6 Qc8 16. Bd5 Nge7 17. Rxc6 Nxc6 18. Nd6+ Kd7 19. Nxc8 Raxc8 20. Qb5 Kd8
21. Bxc6 Be6 22. Nxe5 fxe5 23. Bg5+ Kc7 24. a5 Kb8 25. axb6 Rcd8 26. bxa7+ Kc7 27. Qb7+ Kd6 28. Be7#
1-0

[Event "DAGIJ"]
[Site "SchemingMind.com"]
[Date "2018.08.27"]
[Round "-"]
[White "Don71"]
[Black "flyinduck"]
[Result "1-0"]
[WhiteCountry "NIR"]
[BlackCountry "CAN"]
[WhiteElo "2432"]
[WhiteRD "91"]
[BlackElo "1985"]
[BlackRD "56"]
[GameID "431768"]

1. e4 d6 2. Nc3 e5 3. Nf3 Nf6 4. d4 exd4 5. Nxd4 Be7 6. Bf4 O-O 7. Be2 Re8 8. O-O Bf8 9. Qd2 Nc6 10. Rad1 Bd7
11. f3 a6 12. Nxc6 Bxc6 13. Bc4 Nh5 14. Be3 g6 15. Bg5 Qd7 16. Nd5 Bxd5 17. Bxd5 c6 18. Bb3 Kh8 19. Be3 Qe7 20. Rfe1 Rad8
21. Bb6 Rd7 22. e5 d5 23. c4 Qb4 24. Qxb4 Bxb4 25. Re3 Rde7 26. a3
1-0

[Event "DAGIJ"]
[Site "SchemingMind.com"]
[Date "2018.08.26"]
[Round "-"]
[White "Don71"]
[Black "JAHI"]
[Result "1-0"]
[WhiteCountry "NIR"]
[BlackCountry "INT"]
[WhiteElo "2443"]
[WhiteRD "94"]
[BlackElo "2166"]
[BlackRD "78"]
[GameID "431769"]

1. e4 c6 2. d4 d6 3. Nf3 d5 4. Nc3 dxe4 5. Nxe4 Nf6 6. Bd3 Bg4 7. Nxf6+ gxf6 8. O-O Bxf3 9. Qxf3 Qxd4 10. Rd1 h6
11. Bf5 Qb6 12. Bc8 Qc7 13. Be6 Qe5 14. Qd3 Qd6 15. Bc8 Qxd3 16. Rxd3 Na6 17. Bxb7 Nb4 18. Bxa8 Nxd3 19. Bxc6+ Kd8 20. cxd3 Kc7
21. Be8 h5 22. Bxf7 Bh6 23. Bxh5 Bxc1 24. Rxc1+ Kd6 25. Bf3 Rb8 26. b3 Kd7 27. Rc6 Ke8 28. h4 Kf7 29. Bd5+ Kg6 30. Ra6 Rb5
31. Be4+ Kh5 32. g3 Rc5 33. Rxa7 f5 34. Bf3+ Kg6 35. Rxe7 Rc2 36. h5+ Kf6 37. Ra7 Rc8 38. b4 Rb8 39. h6 f4 40. Ra6+ Ke5
41. gxf4+ Kxf4 42. Ra8 Rb6 43. h7 Rh6 44. h8=Q Rxh8 45. Rxh8 Kxf3 46. b5 Ke2 47. b6 Kxd3 48. Rh4 Kc2 49. Kf1 Kc3 50. b7 Kb2
51. b8=Q+ Kxa2 52. Ra4#
1-0

[Event "DAGIJ"]
[Site "SchemingMind.com"]
[Date "2018.08.25"]
[Round "-"]
[White "Johnny Owens"]
[Black "JAHI"]
[Result "1-0"]
[WhiteCountry "USA"]
[BlackCountry "INT"]
[WhiteElo "2342"]
[WhiteRD "75"]
[BlackElo "2166"]
[BlackRD "78"]
[GameID "431808"]

1. Nf3 c6 2. b3 d6 3. Bb2 Bg4 4. e3 Bxf3 5. Qxf3 e6 6. d3 Nd7 7. Nd2 Ngf6 8. Be2 d5 9. g4 e5 10. h4 h6
11. O-O-O Qa5 12. g5 Ng8 13. a4 Bd6 14. Bf1 Ne7 15. Bh3 hxg5 16. hxg5 Rf8 17. Nc4 dxc4 18. dxc4 Nc8 19. Qf5 Qc7 20. f4 exf4
21. Bxg7 Ne7 22. Qh7 fxe3 23. c5 Nd5 24. cxd6 Qxd6 25. c4 N7b6 26. cxd5 Nxd5 27. Rhe1 Qa3+ 28. Bb2 Qe7 29. Bf6 Qa3+ 30. Kc2 Qc5+
31. Kb1 Ne7 32. Qd3 Qd5 33. Qxe3 Qe6 34. Bxe6 fxe6 35. Qxe6 Rf7 36. Bxe7 Rf6 37. Qg8+ Rf8 38. Qxf8#
1-0

[Event "DAGIJ"]
[Site "SchemingMind.com"]
[Date "2018.08.25"]
[Round "-"]
[White "errantknight"]
[Black "Johnny Owens"]
[Result "0-1"]
[WhiteCountry "USA"]
[BlackCountry "USA"]
[WhiteElo "1604"]
[WhiteRD "84"]
[BlackElo "2302"]
[BlackRD "68"]
[GameID "431809"]

1. e4 d5 2. exd5 Qxd5 3. Nc3 Qd6 4. h3 Nf6 5. Nf3 a6 6. b3 Bf5 7. Bb2 Nc6 8. Be2 e5 9. d3 O-O-O 10. Nh4 g6
11. Nxf5 gxf5 12. Bf3 e4 13. dxe4 Qe5 14. Qc1 Bb4 15. Qe3 f4 16. Qc1 Bxc3+ 17. Bxc3 Qxc3+ 18. Kf1 Ne5
0-1

[Event "DAGIJ"]
[Site "SchemingMind.com"]
[Date "2018.08.25"]
[Round "-"]
[White "Johnny Owens"]
[Black "Marc Wakeham"]
[Result "1-0"]
[WhiteCountry "USA"]
[BlackCountry "WLS"]
[WhiteElo "2315"]
[WhiteRD "71"]
[BlackElo "1656"]
[BlackRD "82"]
[GameID "431810"]

1. Nf3 Nf6 2. b3 g6 3. Bb2 Bg7 4. d4 O-O 5. e3 d6 6. Be2 Bg4 7. O-O c5 8. h3 Bd7 9. c4 a6 10. d5 b5
11. Nbd2 b4 12. a3 bxa3 13. Rxa3 Bc8 14. Qa1 Nbd7 15. Ne1 Ne8 16. Bxg7 Nxg7 17. Nd3 Nf6 18. b4 cxb4 19. Nxb4 Qb6 20. Rb1 Qc7
21. Nc6 Bb7 22. Bf3 Rfe8 23. Rab3 Bxc6 24. dxc6 Ne6 25. Rb7 Qc8 26. Qa5 Nd8 27. c7 Nxb7 28. Bxb7
1-0

[Event "DAGIJ"]
[Site "SchemingMind.com"]
[Date "2018.08.30"]
[Round "-"]
[White "The Stonewall"]
[Black "Johnny Owens"]
[Result "1/2-1/2"]
[WhiteCountry "ENG"]
[BlackCountry "USA"]
[WhiteElo "2336"]
[WhiteRD "81"]
[BlackElo "2403"]
[BlackRD "70"]
[GameID "431811"]

1. e4 e6 2. d4 d5 3. Nd2 dxe4 4. Nxe4 Nd7 5. Nf3 Ngf6 6. Nxf6+ Nxf6 7. c3 c5 8. Ne5 a6 9. Be3 Qc7 10. Qa4+ Nd7
11. Nf3 Be7 12. dxc5 O-O 13. b4 Ne5 14. Be2 Ng4 15. O-O Nxe3 16. fxe3 b6 17. cxb6 Qxb6 18. Kf2 Bb7 19. Rfd1 Bd5 20. Rab1 Be4
21. Rbc1 e5 22. Qd7 Rae8 23. Qh3 Bxf3 24. Qxf3 Bh4+ 25. g3 Bg5 26. Bc4 Kh8 27. h4 Bh6 28. Rd7 f5 29. Rcd1 e4 30. Qe2 Qf6
31. R7d6 Qxc3 32. R6d4 Rb8 33. Qd2 Qxd2+ 34. R1xd2 Rxb4 35. Bxa6 Rb1 36. Be2 g6 37. Rc4 Rh1=
1/2-1/2

[Event "DAGIJ"]
[Site "SchemingMind.com"]
[Date "2018.08.26"]
[Round "-"]
[White "Johnny Owens"]
[Black "Don71"]
[Result "1-0"]
[WhiteCountry "USA"]
[BlackCountry "NIR"]
[WhiteElo "2352"]
[WhiteRD "77"]
[BlackElo "2409"]
[BlackRD "88"]
[GameID "431812"]

1. Nf3 d5 2. b3 Nf6 3. Bb2 e6 4. g3 Bd6 5. Bg2 c5 6. e4 dxe4 7. Ng5 Bd7 8. Nxe4 Nxe4 9. Bxe4 Bc6 10. Bxc6+ Nxc6
11. Bxg7 Rg8 12. Bc3 Be5 13. Qf3 Rg5 14. O-O Qc7 15. a4 O-O-O 16. Na3 Bd4 17. Nb5 Qd7 18. Bxd4 cxd4 19. Na3 Qc7 20. Nc4 Kb8
21. Rab1 h5 22. Kh1 h4 23. Rbe1 a6 24. Qe4 Rh8 25. g4 h3 26. Rg1 b5 27. axb5 axb5 28. Nb2 Re5 29. Qf3 Rc5 30. Qf6 Rc8
31. Nd3 Rxc2 32. Rg3 Qe7 33. Qf3 Ka7 34. Rxh3 Rxd2 35. Rc1 Kb6 36. Qf4 Re2 37. Rh7 Rc7 38. Rh8 e5 39. Qf3 Rd2 40. Nc5 Qxc5
41. Rxc5 Kxc5 42. Qf6 Rb2 43. Rh6 Rxb3 44. Qd6+ Kb6 45. Qxe5 Rb4 46. Kg2 Rc4 47. Qd5 Ka5 48. Rh5 Na7 49. h4 Kb4 50. Qd6+ Ka4
51. Rf5 R7c6 52. Qd7 Rc7 53. Qd5 d3 54. f3 d2 55. Kg3 Rc2 56. h5
1-0

[Event "DAGIJ"]
[Site "SchemingMind.com"]
[Date "2018.08.25"]
[Round "-"]
[White "Johnny Owens"]
[Black "smothered mate"]
[Result "1-0"]
[WhiteCountry "USA"]
[BlackCountry "POL"]
[WhiteElo "2352"]
[WhiteRD "77"]
[BlackElo "2241"]
[BlackRD "77"]
[GameID "431813"]

1. Nf3 d5 2. b3 c5 3. Bb2 Nc6 4. e3 e6 5. Bb5 Ne7 6. d4 Qa5+ 7. Nc3 cxd4 8. Nxd4 e5 9. Nxc6 bxc6 10. Ba4 Bd7
11. O-O Ng6 12. Ne2 Be7 13. c4 dxc4 14. Qc2 O-O 15. Qxc4 Be6 16. Qc3 Qxc3 17. Nxc3 Rac8 18. Rfd1 f5 19. Rac1 f4 20. e4 h5
21. Nb1 Rfd8 22. Rxd8+ Rxd8 23. f3 c5 24. Kf2 c4 25. bxc4 Bc5+ 26. Ke2 Kf7 27. Bc6 Kf6 28. Bd5 Rb8 29. Ba3 Rxb1 30. Rxb1 Bxa3
31. Rb7 Bc5 32. Rc7 Bg1 33. Bxe6 Kxe6 34. c5 Kf6 35. Kd3 Nh4 36. Kc4 Nxg2 37. c6 Nh4 38. Rxa7 Bxa7 39. c7 Nxf3 40. c8=Q Bd4
41. Qf5+ Ke7 42. Kd5 Nxh2 43. Qg6 Kf8 44. Qh7 Nf3 45. Qh8+
1-0

[Event "DAGIJ"]
[Site "SchemingMind.com"]
[Date "2018.08.30"]
[Round "-"]
[White "Carl Lenox"]
[Black "Johnny Owens"]
[Result "0-1"]
[WhiteCountry "CAN"]
[BlackCountry "USA"]
[WhiteElo "1317"]
[WhiteRD "81"]
[BlackElo "2302"]
[BlackRD "68"]
[GameID "431814"]

1. e4 d5 2. exd5 Qxd5 3. Nc3 Qd6 4. d4 Nf6 5. Nf3 a6 6. Bc4 Bg4 7. h3 Bh5 8. Qd2 Bxf3 9. gxf3 Nc6 10. b3 Nxd4
11. Qd3 Qe5+ 12. Ne2 Nxe2 13. Rb1 Nf4+ 14. Qe3 Ng2+
0-1

[Event "DAGIJ"]
[Site "SchemingMind.com"]
[Date "2018.08.25"]
[Round "-"]
[White "Phillip Beckett"]
[Black "Johnny Owens"]
[Result "0-1"]
[WhiteCountry "ENG"]
[BlackCountry "USA"]
[WhiteElo "1514"]
[WhiteRD "53"]
[BlackElo "2315"]
[BlackRD "71"]
[GameID "431815"]

1. d4 e6 2. c4 f5 3. Nc3 Nf6 4. Bg5 Bb4 5. e3 c6 6. Nf3 O-O 7. a3 Bxc3+ 8. bxc3 d6 9. Qc2 c5 10. Bd3 h6
11. Bxf6 Qxf6 12. O-O e5 13. dxe5 dxe5 14. Nd2 Nc6 15. Nb3 b6 16. e4 f4 17. f3 Be6 18. a4 Qf7 19. a5 Rad8 20. axb6 axb6
21. Nd2 Qd7 22. Ra6 Qxd3 23. Qxd3 Rxd3 24. Rf2 Rb8 25. Ra3 Na5 26. Nb3 Rd1+ 27. Rf1 Rxf1+ 28. Kxf1 Bxc4+
0-1

[Event "DAGIJ"]
[Site "SchemingMind.com"]
[Date "2018.08.25"]
[Round "-"]
[White "Johnny Owens"]
[Black "Timaeus"]
[Result "1-0"]
[WhiteCountry "USA"]
[BlackCountry "JPN"]
[WhiteElo "2348"]
[WhiteRD "73"]
[BlackElo "1390"]
[BlackRD "84"]
[GameID "431816"]

1. Nf3 d5 2. b3 Bf5 3. Bb2 g6 4. Bxh8 f6 5. e4 Bxe4 6. Nc3 e6 7. Nd4 Qe7 8. Nxe4 Nd7 9. Nc3 O-O-O 10. Bb5 e5
11. Nxd5 Qc5 12. Bxd7+ Rxd7 13. Nxf6 Nxf6 14. Ne6 Qd6 15. Nxf8 Qxf8 16. Bxf6 Qxf6 17. O-O b6 18. Qe2 Re7 19. a4 Qc6 20. d4 e4
21. a5 Re6 22. d5 Qxd5 23. Rfd1 Qc5 24. Qa6+ Kb8 25. Rd8#
1-0

[Event "DAGIJ"]
[Site "SchemingMind.com"]
[Date "2018.08.25"]
[Round "-"]
[White "Johnny Owens"]
[Black "pmdpsp"]
[Result "1-0"]
[WhiteCountry "USA"]
[BlackCountry "GER"]
[WhiteElo "2302"]
[WhiteRD "68"]
[BlackElo "1789"]
[BlackRD "78"]
[GameID "431817"]

1. Nf3 Nc6 2. b3 e5 3. Bb2 d6 4. e3 Bf5 5. c4 Be7 6. Nc3 Nf6 7. d4 O-O 8. h3 h6 9. Be2 Re8 10. O-O Bf8
11. d5 Ne7 12. Nh2 Bg6 13. Ng4 Nxg4 14. Bxg4 Nf5 15. e4 Ne7 16. f4 f5 17. exf5 Bxf5 18. fxe5 Bxg4 19. Qxg4 dxe5 20. Ne4 Nc8
21. Nf6+ Kh8 22. Nxe8 Qxe8 23. Bxe5
1-0

[Event "DAGIJ"]
[Site "SchemingMind.com"]
[Date "2018.08.26"]
[Round "-"]
[White "fu_manchu"]
[Black "Johnny Owens"]
[Result "0-1"]
[WhiteCountry "CAN"]
[BlackCountry "USA"]
[WhiteElo "1714"]
[WhiteRD "75"]
[BlackElo "2342"]
[BlackRD "75"]
[GameID "431818"]

1. d4 e6 2. c4 f5 3. Nc3 Nf6 4. Nf3 d5 5. e3 c6 6. Bd3 Bd6 7. O-O Ne4 8. cxd5 exd5 9. Qb3 Qe7 10. Ne5 Bxe5
11. dxe5 Qxe5 12. f4 Qd6 13. Nxe4 fxe4 14. Bc2 Na6 15. Qc3 Bf5 16. a3 Nc5 17. b4 Nd3 18. Bxd3 exd3 19. Bb2 Qe7 20. Qxg7 Qxg7
21. Bxg7 Rg8 22. Bf6 b6 23. Rac1 Rg6 24. Be5 Rc8
0-1

[Event "DAGIJ"]
[Site "SchemingMind.com"]
[Date "2018.08.25"]
[Round "-"]
[White "Chessibelle"]
[Black "Johnny Owens"]
[Result "0-1"]
[WhiteCountry "ENG"]
[BlackCountry "USA"]
[WhiteElo "1205"]
[WhiteRD "61"]
[BlackElo "2311"]
[BlackRD "65"]
[GameID "431819"]

1. e4 d5 2. Bd3 dxe4 3. Bb5+ c6 4. Be2 Nf6 5. Nc3 e5 6. Nxe4 Nxe4 7. f3 Qh4+ 8. g3 Nxg3 9. d3 Ne4+ 10. Kf1 Qf2#
0-1